000 00532nam a2200205Ia 4500
001 12091
003 GE_BSU
008 181216s||||||||xx |||||||||||||| ||und||
020 _a9781845937638
040 _cGE_BSU
080 _a338.48
245 _aResearch Methods for Leisure, Recreation and Tourism
245 _cErcan Sirakaya-Turk, Muzaffer Uysal
260 _aCambridge
260 _c2011
300 _a278p.ill.26cm.
541 _h139Gel.
653 _aResearch Methods for Leisure, Recreation and Tourism
942 _cBK
999 _c45267
_d45267